000 00433nam a2200133Ia 4500
008 230907s9999||||xx |||||||||||||| ||und||
082 _a621.381045
_bKAS
100 _aKasap, S. O.
_958451
245 0 _aCambridge illustrated handbook of optoelectronics and photonics /
260 _aCambridge University Press,
_bCambridge, UK ; | New York :
_c2009
300 _av, 568 p. :
650 _aEncyclopedias. Encyclopedias.
942 _cBK
999 _c599872
_d599872